| 000 | 02392nam a2200541Ia 4500 | ||
|---|---|---|---|
| 001 | sjds1106802 | ||
| 003 | sjds | ||
| 005 | 20171023142609.0 | ||
| 008 | 060914t20062006nyua b 000 1 spa d | ||
| 020 | _a0439874254 (pbk.) | ||
| 020 | _a9780439874250 (pbk.) | ||
| 035 | _a327443 | ||
| 035 | _a(OCoLC)71325015 | ||
| 035 | _a327443 | ||
| 040 |
_aLPU _cLPU _dBAKER _dIFA _dUtOrBLW |
||
| 041 |
_aspa _heng |
||
| 049 | _aIFAA | ||
| 099 | _aCHILDREN ESPANOL FICTION PARK | ||
| 999 |
_c18993 _d18993 |
||
| 999 | _bCHILDREN ESPANOL FICTION PARK | ||
| 100 | 1 |
_aPark, Barbara, _eauthor. |
|
| 240 | 1 | 0 |
_aJunie B. Jones is a party animal. _lSpanish |
| 245 | 1 | 0 |
_aJunie B. Jones duerme en una mansión / _cpor Barbara Park ; ilustrado por Denise Brunkus ; [translated by Aurora Hernandez]. |
| 260 |
_aNew York : _bScholastic, _cc2006 |
||
| 264 | 1 |
_aNew York : _bScholastic, _c[2006] |
|
| 264 | 4 | _cc2006 | |
| 300 |
_a71 pages : _billustrations ; _c20 cm. |
||
| 336 |
_atext _btxt _2rdacontent |
||
| 337 |
_aunmediated _bn _2rdamedia |
||
| 338 |
_avolume _bnc _2rdacarrier |
||
| 490 | 1 |
_aThe Junie B. Jones series ; _v#10 |
|
| 500 | _a"Scholastic en español"--Cover. | ||
| 520 | _aLucille invites Junie B. and her friend Grace to sleep over at her very rich nanna's house, where everything is beautiful, expensive, and breakable. | ||
| 520 | _aLucille le invita a Junie D. y su amiga Grace a la casa de su abuelita rica para pasar la noche. | ||
| 526 | 0 |
_aAccelerated Reader _bLG _c2.7 _d1.0 _z17571SP |
|
| 650 | 0 |
_aGrandmothers _vJuvenile fiction. |
|
| 650 | 0 |
_aWealth _vJuvenile fiction. |
|
| 650 | 7 |
_aAbuelas _vNovela juvenil. _2bidex |
|
| 650 | 7 |
_aRiqueza _vNovela juvenil. _2bidex |
|
| 700 | 1 |
_aBrunkus, Denise, _eillustrator. |
|
| 800 | 1 |
_aPark, Barbara. _tJunie B. Jones series ; _v#10. _lSpanish. |
|
| 856 | 4 | 2 |
_3Contributor biographical information _uhttp://www.loc.gov/catdir/bios/random057/97017320.html |
| 856 | 4 | 1 |
_3Sample text _uhttp://www.loc.gov/catdir/samples/random044/97017320.html |
| 856 | 4 | 2 |
_3Publisher description _uhttp://www.loc.gov/catdir/description/random0411/97017320.html |
| 856 | 4 | 2 |
_3Contributor biographical information _uhttp://www.loc.gov/catdir/bios/random057/97017320.html |
| 856 | 4 | 1 |
_3Sample text _uhttp://www.loc.gov/catdir/samples/random044/97017320.html |
| 856 | 4 | 2 |
_3Publisher description _uhttp://www.loc.gov/catdir/description/random0411/97017320.html |
| 942 | _cBK | ||